000 02196nam0a2200325 4500
001 RU\NLR\bibl\1915295
005 20260408073941.0
010 _a5-85474-041-9
_91000
035 _a(NLR Aleph) 001904800
090 _a3096164
_c3096164
100 _a20120618d2005 |||y0rusy50 ca
101 0 _arus
_aeng
102 _aRU
105 _aa |||||||||
200 1 _aУчастникам Второй Мировой и Великой Отечественной войны посвящается...
_e[выставка художников - ветеранов Второй Мировой и Великой Отечественной войны
_fсост.: Л.М. Грабко и Л.В. Ширшова
_gавт. вступ. ст.: С.М. Миронов и др.]
210 _aСанкт-Петербург
_c[б. и.]
_d2005
215 _a[71] с.
_cил., цв. ил., портр.
_d23х24
300 _aВ надзаг.: Ком. по культуре Правительства Санкт-Петербурга, Ком. по культуре Правительства Ленингр. обл., Росзарубежцентр [и др.]
300 _aТекст парал. на рус. и англ. яз.
606 1 _aИзобразительное искусство русское советское
_xВыставки
_yСанкт-Петербург, город
_z2005
_92461975
_3RU\NLR\auth\661462816
606 1 _aИзобразительное искусство русское
_xВыставки
_yСанкт-Петербург, город
_z20 - 21 вв.
_z2005
_92123241
_3RU\NLR\auth\661585609
686 _aЩ103(2Р=Рус)7
702 1 _aГрабко
_bЛ. М.
_4220
711 1 2 _aВыставка художников - ветеранов Великой Отечественной войны, посвященная 60-летию Победы
_eСанкт-Петербург
_f2005
_9319881
_3RU\NLR\AUTH\8810217010
712 0 1 _4570
_aСанкт-Петербург
_bКомитет по культуре
_9319883
_3RU\NLR\AUTH\8810217011
801 0 _aRU
_bNLR
_c20120618
_gRCR
801 1 _aRU
_bNLR
_c20120618
942 _cBOOK
980 _aNB